000 00586nam a22001937a 4500
005 20251108164401.0
008 250721s1998 xx 000 0 ara d
082 1 4 _a301.1209502/ميس
100 1 _aميسرا، ريخا
245 1 0 _aالمرأة في عصر المغول /
264 1 _aاربد :
_bدار الكندي للنشر والتوزيع،
_c1998.
300 _a229ص.
650 1 7 _aالمرأة
650 1 7 _aالمغول
650 1 7 _aالحياة الإجتماعية
700 1 _aالجوارنة، أحمد
_eترجمة
942 _2ddc
_cBK
999 _c10831
_d10831